[Event "ROM-ch sf"]
[Site "Baile Tusnad"]
[Date "2000.??.??"]
[Round "8"]
[White "Barzanu, Iulian"]
[Black "Moraru, Marius"]
[Result "0-1"]
[WhiteElo "2136"]
[BlackElo "2340"]
[PlyCount "106"]
[EventDate "2000.05.??"]
[EventType "swiss"]
[EventRounds "11"]
[EventCountry "ROU"]
[SourceTitle "EXT 2001"]
[Source "ChessBase"]
[SourceDate "2000.11.22"]
[SourceVersion "1"]
[SourceVersionDate "2000.11.22"]
[SourceQuality "1"]

1. e4 c5 2. Nf3 Nc6 3. d4 cxd4 4. Nxd4 Nf6 5. Nc3 e5 6. Ndb5 d6 7. Bg5 a6 8. Bxf6 gxf6 9. Na3 f5 10. Qh5 d5 11. Nc4 dxc4 12. Bxc4 Qe7 13. Nd5 Qd6 14. Nb6 Nd8 15. Nxa8 Qb4+ 16. c3 Qxc4 17. 0-0-0 Qc6 18. exf5 Qh6+ 19. Qxh6 Bxh6+ 20. Kb1 Bxf5+ 21. Ka1 0-0 22. Rhe1 Nc6 23. Nb6 Bg7 24. Nd7 Rc8 25. Nc5 b5 26. Nxa6 Na5 27. a3 Nb3+ 28. Ka2 Be6 29. Kb1 e4 30. Nb4 Bh6 31. Nc2 Nd2+ 32. Ka1 Bb3 33. Rc1 Bc4 34. Nd4 Nb3+ 35. Nxb3 Bxb3 36. Rcd1 Bxd1 37. Rxd1 Rc5 38. Rd4 f5 39. Rd8+ Kg7 40. Kb1 Bg5 41. Rd4 Re5 42. g3 Be7 43. b4 Bf6 44. Kc2 Re7 45. Rd5 Rc7 46. Rxf5 Rxc3+ 47. Kd1 Rf3 48. Rxb5 Rxf2 49. Rb8 Kf7 50. Rb7+ Ke6 51. Rxh7 e3 52. Rc7 Kd5 53. b5 Ke4 0-1

[Event "ROM-ch sf"]
[Site "Baile Tusnad"]
[Date "2000.??.??"]
[Round "2"]
[White "Filip, Lucian Ioan"]
[Black "Moraru, Marius"]
[Result "0-1"]
[WhiteElo "2197"]
[BlackElo "2340"]
[PlyCount "56"]
[EventDate "2000.05.??"]
[EventType "swiss"]
[EventRounds "11"]
[EventCountry "ROU"]
[SourceTitle "EXT 2001"]
[Source "ChessBase"]
[SourceDate "2000.11.22"]
[SourceVersion "1"]
[SourceVersionDate "2000.11.22"]
[SourceQuality "1"]

1. d4 Nf6 2. c4 c5 3. d5 b5 4. cxb5 a6 5. b6 d6 6. Nc3 Nbd7 7. e4 g6 8. a4 a5 9. f4 Bg7 10. Nf3 0-0 11. Bb5 Nxb6 12. 0-0 Ne8 13. Qe1 Nc7 14. Bc6 Rb8 15. Nb5 Na6 16. Qxa5 Nb4 17. Bd2 Nd3 18. Bc3 Nc4 19. Qxd8 Rxd8 20. Bxg7 Kxg7 21. a5 Bb7 22. b3 Ne3 23. a6 Bxc6 24. dxc6 Rxb5 25. a7 Ra8 26. c7 Nxf1 27. Kxf1 Nxf4 28. Ra6 Ne6 0-1

[Event "ROM-ch sf"]
[Site "Baile Tusnad"]
[Date "2000.??.??"]
[Round "9"]
[White "Moraru, Marius"]
[Black "Baciu, Stefan"]
[Result "1/2-1/2"]
[WhiteElo "2340"]
[BlackElo "2253"]
[PlyCount "112"]
[EventDate "2000.05.??"]
[EventType "swiss"]
[EventRounds "11"]
[EventCountry "ROU"]
[SourceTitle "EXT 2001"]
[Source "ChessBase"]
[SourceDate "2000.11.22"]
[SourceVersion "1"]
[SourceVersionDate "2000.11.22"]
[SourceQuality "1"]

1. e4 d6 2. d4 Nf6 3. Nc3 g6 4. Be2 Bg7 5. h4 c5 6. dxc5 Qa5 7. Bd2 Qxc5 8. h5 gxh5 9. Bxh5 Nc6 10. Be2 Ne5 11. Be3 Qa5 12. Qd2 a6 13. f3 Be6 14. g4 Nc4 15. Bxc4 Bxc4 16. Bd4 e5 17. Be3 d5 18. Bh6 Bxh6 19. Qxh6 Nd7 20. exd5 0-0-0 21. 0-0-0 Bxa2 22. Qe3 Bc4 23. Kb1 Qb6 24. Qe4 Bb5 25. d6 Kb8 26. g5 Bc6 27. Qf5 Qe3 28. Rxh7 Rxh7 29. Qxh7 Qxg5 30. Qxf7 Rf8 31. Qe6 Qg3 32. Ne4 Qf4 33. Qe7 Rh8 34. Qg7 Rh2 35. Nc3 Ka7 36. Nce2 Qe3 37. Qg3 Rxe2 38. Nxe2 Qxe2 39. Rd3 Qf1+ 40. Ka2 Bb5 41. Rc3 Bc4+ 42. b3 Bb5 43. Qg5 Qf2 44. Qe7 Qd4 45. Rc8 Nb6 46. Rc7 Qd5 47. Qf8 Bc6 48. Rg7 Qd2 49. Kb1 Qd1+ 50. Kb2 Nd5 51. d7 Qd4+ 52. Kc1 Qe3+ 53. Kb2 Qc3+ 54. Kb1 Qe1+ 55. Kb2 Qc3+ 56. Kb1 Qe1+ 1/2-1/2

[Event "ROM-ch sf"]
[Site "Baile Tusnad"]
[Date "2000.??.??"]
[Round "10"]
[White "Velea, Constantin"]
[Black "Moraru, Marius"]
[Result "0-1"]
[WhiteElo "2125"]
[BlackElo "2340"]
[PlyCount "138"]
[EventDate "2000.05.??"]
[EventType "swiss"]
[EventRounds "11"]
[EventCountry "ROU"]
[SourceTitle "EXT 2001"]
[Source "ChessBase"]
[SourceDate "2000.11.22"]
[SourceVersion "1"]
[SourceVersionDate "2000.11.22"]
[SourceQuality "1"]

1. d4 Nf6 2. Nf3 g6 3. Bf4 Bg7 4. e3 d6 5. Bc4 0-0 6. Nbd2 Nc6 7. c3 Qe8 8. Bg3 a6 9. a4 e5 10. dxe5 dxe5 11. e4 Nh5 12. Qe2 Be6 13. 0-0 Rd8 14. Rfd1 Bxc4 15. Qxc4 Nxg3 16. hxg3 Qe7 17. Nb3 Rd6 18. Rd5 Rfd8 19. Rad1 Bf8 20. R1d2 Kg7 21. g4 h6 22. Kf1 f6 23. Rxd6 Rxd6 24. Rd5 Na7 25. Rxd6 Qxd6 26. Ke2 Nc8 27. Na5 Nb6 28. Qd3 Qxd3+ 29. Kxd3 Nxa4 30. b4 c5 31. Nxb7 cxb4 32. cxb4 Bxb4 33. Kc4 a5 34. Nh2 Nb2+ 35. Kb5 Be1 36. Nxa5 Bxf2 37. Nf1 Nd3 38. Kc4 Nf4 39. g3 Ne2 40. Nb3 Nxg3 41. Nxg3 Bxg3 42. Kd3 h5 43. gxh5 g5 44. Nc5 g4 45. Nd7 Bh4 46. Ke2 Kh6 47. Nf8 Kxh5 48. Ne6 Bg5 49. Kf2 Kh4 50. Kg2 Bh6 51. Nc5 g3 52. Nd7 Bg5 53. Nb6 Kg4 54. Nd5 Bh4 55. Ne3+ Kf4 56. Nf5 Bg5 57. Nd6 Bh6 58. Ne8 Kxe4 59. Nxf6+ Kf5 60. Nd5 Bf4 61. Nc3 e4 62. Ne2 Kg4 63. Nc3 e3 64. Ne2 Be5 65. Nc1 Kf4 66. Ne2+ Ke4 67. Nc1 Bc7 68. Ne2 Kd3 69. Kf3 g2 0-1